Stargate Commom Guests Quiz Stats

 Plays Quiz not verified by Sporcle

Challenge
Share
Tweet
Embed
Score 0/11 Timer 05:00
0 Plays Today
Hint Characters Name % Correct
Sam's dad (or his symbiote)Jacob Carter
92.9%
AzgardThor
87.5%
Took Daniel's wifeApophis
76.8%
IOARichard Woolsey
75%
Teal'c's sonR'yac
74.1%
Human replicator5th
69.6%
DoctorJanet Fraiser
68.8%
Sam's boyfriend for a seasonPete
66.1%
Sam carried his mate (for a while)Martuf
59.8%
Kid Jack got to know on AbydosSkar'ra
59.8%
Teal'c's training masterBray'tak
33.9%

You're not logged in!

Compare scores with friends on all Sporcle quizzes.
Join for Free
OR
Log In

You Might Also Like...

Show Comments

Extras

Top Quizzes Today


Score Distribution

Your Account Isn't Verified!

In order to create a playlist on Sporcle, you need to verify the email address you used during registration. Go to your Sporcle Settings to finish the process.

Report this User

Report this user for behavior that violates our Community Guidelines.

Details: